Statistiche per Riconosci la Provincia dai confini - Quiz n°2

Clicka qui per fare il quiz!

Statistiche generali

  • Questo quiz è stato fatto 9 volte
  • Il punteggio medio è 9 su 10

Statistiche sulle risposte

Province confinantiProvincia% Corretto
Libero consorzio comunale di Caltanissetta
Città Metropolitana di Catania
Città Metropolitana di Messina
Città Metropolitana di Palermo
Libero consorzio comunale di Enna
100%
Provincia di Catanzaro
Provincia di Crotone
Provincia di Matera
Provincia di Potenza
Provincia di Cosenza
100%
Provincia di Asti
Provincia di Imperia
Provincia di Savona
Città Metropolitana di Torino
Provincia di Cuneo
100%
Città Metropolitana di Bologna
Provincia di Mantova
Provincia di Modena
Provincia di Ravenna
Provincia di Rovigo
Provincia di Ferrara
100%
Provincia di Grosseto
Provincia di Pisa
Provincia di Livorno
100%
Provincia di Avellino
Provincia di Barletta-Andria-Trani
Provincia di Benevento
Provincia di Campobasso
Provincia di Potenza
Provincia di Foggia
83%
Provincia autonoma di Bolzano
Ente di decentramento regionale di Pordenone
Provincia autonoma di Trento
Provincia di Treviso
Ente di decentramento regionale di Udine
Provincia di Vicenza
Provincia di Belluno
67%
Provincia dell'Aquila
Provincia di Campobasso
Provincia di Caserta
Provincia di Chieti
Provincia di Frosinone
Provincia di Isernia
67%
Città Metropolitana di Bologna
Città Metropolitana di Firenze
Provincia di Pistoia
Provincia di Prato
67%
Provincia di Biella
Città Metropolitana di Torino
Provincia di Vercelli
Valle d'Aosta
67%

Distribuzione punteggi

Percentile per numero di risposta

Percentuale di utenti per punteggio

I tuoi punteggi nel tempo

Non hai fatto questo quiz